Statistics for Why Don't We Quiz

Click here to take the quiz!

General Stats

  • This quiz has been taken 196 times
  • The average score is 9 of 15

Answer Stats

HintAnswer% Correct
nickname is noodles -r.i.p. his noodlesJack
99%
oldest member?Jonah
99%
youngest member?Zach
99%
nickname is beanCorbyn
98%
which member LOVES applejuice?Daniel
98%
what youtuber did they collab with?Logan paul
85%
what are their fans called?limelights
84%
who is their opening act?EBEN
51%
what was their first ep?only the beginning
40%
what was their 6th single they released in 2019come to brazil
32%
when did the band form?september 27, 2016
20%
whos their road manager?tyler
20%
what was their 11th single they released in 2019with you this christmas
20%
what songs did ed sheeran write for them?trust fund baby and what am i
15%
finish the lyrics: if its all a dream dont wake upcuase i got your body right here next to me
7%

Score Distribution

Percentile by Number Answered

Percent of People with Each Score

Your Score History

You have not taken this quiz